000 00278nam a2200109Ia 4500
008 200302s9999 xx 000 0 und d
100 _aMorris Lapidus
245 _aArchitecture A Profession and A Business
260 _bVan Nostrand Reinhold Co.,
260 _c1967
300 _a207 P.,
999 _c98
_d98